=LDR 00000nam 2200000 4500 =001 NUTBA000000000003487 =005 20140820120639.0 =006 =007 =008 =020 ##$$a 979-8540-205-0 =035 ##$$a 0010-081400000000332 =082 ##$$a 378.204-Rud-k =100 ##$$a Kjell Erik Rudestam =245 ##$$a Kiat mempertahankan tesis dan disertasi =260 ##$$a Yogyakarta $b Garas Communication $c 1992 =300 ##$$a xi,256 hlm $c 23 cm =850 ##$$a NBPNMAT =990 ##$$a 0001/BPAP-NTB/20142014 =990 ##$$a 0001/BPAP-NTB/20142014